000 00446nam a2200181Ia 4500
001 23705
005 20260414150955.0
008 260414t2021||||xx |||||||||||||| ||spa||
041 _aESP
082 _a692.5
_bL95
100 _aLu, Weisheng,
_eAUT
245 0 _aBIM and big data for construction cost management
_b
260 _c2021
300 _axxii, 156 páginas :
_c23 cm.
650 _a0
654 _aCIC
942 _cLIB
_dJUS
_fJUS
_2ddc
_n
999 _c23705
_d23705